[Event "SWZ-chT9697"]
[Site "SWZ"]
[Date "1997.??.??"]
[Round "?"]
[White "Preissmann, Emmanuel"]
[Black "Borner, Daniel"]
[Result "1/2-1/2"]
[WhiteElo "2365"]
[BlackElo "2270"]

1.e4 c5 2.Nf3 Nc6 3.Bb5 g6 4.O-O Bg7 5.c3 Nf6 6.e5 Nd5 7.d4 cxd4 8.cxd4 O-O
9.Nc3 Nc7 10.Qe2 Nxb5 11.Nxb5 a6 12.Nc3 d6 13.h3 dxe5 14.dxe5 Nd4 15.Nxd4 Qxd4
16.Re1 Be6 17.Qf3 b5 18.Bg5 Qa7 19.Rad1 Rad8 20.Nd5 Rd7 21.Nb4 Rxd1 22.Qxd1 Qb7
23.Qd4 Rc8 24.b3 h6 25.Be3 a5 26.Nd3 Qd5 27.Nf4 Qxd4 28.Bxd4 Bf5 29.g4 Bc2
30.Rc1 e6 31.Ng2 Rd8 32.Bb6 Rd1+ 33.Rxd1 Bxd1 34.f4 a4 35.Ne3 Bf3 36.bxa4 bxa4
37.Kf2 Bc6 38.Ke2 f6 39.Bd4 fxe5 40.Bxe5 Bf8 41.Kd3 Bc5 42.Bd4 Bd6 43.Be5 Bc5
44.Bd4 Bd6 45.f5 gxf5 46.gxf5 Kf7 47.Ng4 exf5 48.Ne5+ Bxe5 49.Bxe5  1/2-1/2

[Event "Taastrup 25 Jub"]
[Site "Taastrup"]
[Date "1997.??.??"]
[Round "1"]
[White "Zolnierowicz, Krzysztof"]
[Black "Koerholz, Ludger"]
[Result "0-1"]
[WhiteElo "2370"]
[BlackElo "2270"]

1.e4 c5 2.Nf3 Nc6 3.Bb5 g6 4.O-O Bg7 5.c3 Nf6 6.Re1 O-O 7.h3 e5 8.Bxc6 dxc6
9.Nxe5 Re8 10.f4 Nxe4 11.Rxe4 f6 12.Qb3+ Be6 13.Nc4 Bd5 14.d3 b5 15.Rxe8+ Qxe8
16.Kf2 bxc4 17.Qc2 Rd8 18.dxc4 Bxg2 19.Kxg2 Qe1 20.Na3 Rd1 21.Be3 Rxa1 22.Bf2 Qf1+
23.Kg3 Rd1 24.Be3 f5 25.Qb3 Bf6 26.Qb8+ Rd8 27.Qxa7 Qe1+ 28.Kf3 Bh4  0-1

[Event "EU-ch U16"]
[Site "Tallinn"]
[Date "1997.??.??"]
[Round "1"]
[White "Geanta, Horia"]
[Black "Pilaj, Herwig"]
[Result "1/2-1/2"]
[WhiteElo "2205"]
[BlackElo "2210"]

1.e4 c5 2.Nf3 Nc6 3.Bb5 g6 4.O-O Bg7 5.c3 Nf6 6.Re1 O-O 7.d4 cxd4 8.cxd4 d5
9.e5 Ne4 10.Nc3 Nxc3 11.bxc3 Na5 12.Bg5 Bd7 13.Bd3 Rc8 14.Rc1 Nc4 15.Bb1 Bg4
16.h3 Bxf3 17.Qxf3 Rc6 18.h4 Qd7 19.h5 Rfc8 20.hxg6 hxg6 21.g3 Na3 22.Bd3 Rxc3
23.Rxc3 Rxc3 24.e6 fxe6 25.Bd2 Rxd3 26.Qxd3 Nc4 27.Bf4 Kf7 28.Kg2 Qa4 29.Qe2 Qc6
30.Be5 Bxe5 31.dxe5 d4+ 32.Qf3+ Qxf3+ 33.Kxf3 d3 34.Ke4 d2 35.Rd1 b5 36.Kd4 g5
37.Kc3 g4 38.a4 a6 39.axb5 axb5 40.Kb4 Nxe5 41.Rxd2 Kf6 42.Kxb5 Nf3 43.Ra2 Kf5
44.Kc4 Ng5 45.Kd4 e5+ 46.Ke3 Kf6 47.Ra6+ Kf5 48.Rh6 Nf3 49.Rh8 Ng5 50.Rg8 Kf6
51.Rf8+ Kg6 52.Kd3 e6 53.Ra8 Kf5 54.Ra2 Kf6 55.Re2 Kf5 56.Kc4 Nf3 57.Kc5 Nd4
58.Re3 Nc2 59.Rc3 Ne1 60.Kd6 Nf3 61.Rc8 Ng5 62.Rf8+ Ke4 63.Rf6 Kd4  1/2-1/2

[Event "EU-ch U16 Girls"]
[Site "Tallinn"]
[Date "1997.??.??"]
[Round "7"]
[White "Zimina, Olga"]
[Black "Bayramova, Zuleykha"]
[Result "1-0"]
[WhiteElo "2140"]
[BlackElo "2215"]

1.e4 c5 2.Nf3 Nc6 3.Bb5 Qb6 4.Nc3 a6 5.Bxc6 Qxc6 6.d4 cxd4 7.Qxd4 d6 8.e5 e6
9.Ne4 d5 10.Nd6+ Bxd6 11.exd6 f6 12.Bf4 Bd7 13.O-O Rc8 14.Rfe1 Kf7 15.h3 Qc5
16.Qd2 Qxc2 17.Qb4 Qa4 18.Qxb7 Qb5 19.Qa7 Rb8 20.Rac1 Rb7 21.Qe3 Qb6 22.Rc5 Nh6
23.g4 Rc8 24.Rxc8 Qxe3 25.fxe3 Bxc8 26.Rc1 Bd7 27.b3 g5 28.Bg3 e5 29.Rd1 Ke6
30.Ne1 Nf7 31.Nd3 Kxd6 32.Be1 Rb5 33.Bb4+ Kc7 34.Be7 f5 35.Rc1+ Kb6 36.Nc5 Be8
37.a4 Rb4 38.Nd7+ Bxd7 39.Bxb4 fxg4 40.hxg4 Bxg4 41.Rf1 Nd8 42.Bd6 Nc6 43.b4 d4
44.Rf7 Nd8 45.Bc7+ Kc6 46.Bxd8 d3 47.Rf2 e4 48.Bxg5 Bd1 49.b5+ axb5 50.axb5+ Kxb5
51.Kf1 Kc4 52.Ke1 Bf3 53.Kd2 Bh5 54.Bh6 Bg6 55.Rf4 Kd5 56.Bg7 Kc4 57.Bc3 Kd5
58.Ke1 Kc4 59.Bd2 Kd5 60.Rf6 Ke5 61.Bc3+ Kd5 62.Kf2 Kc4 63.Bd2 Kb3 64.Rc6 Kb2
65.Kg3 Bh5 66.Rh6 Bg6 67.Kf4 Kc2 68.Ba5 Kb3 69.Rxg6 hxg6 70.Kxe4 Kc2 71.Kf4 Kb3
72.Be1 Kc4 73.Ke4 g5 74.Bd2 g4 75.Kf4 Kb3 76.Kxg4 Kc2 77.Ba5  1-0

[Event "EST-ch"]
[Site "Tallinn"]
[Date "1997.??.??"]
[Round "7"]
[White "Maidla, Vallo"]
[Black "Zjukin, Sergei"]
[Result "1/2-1/2"]
[WhiteElo "2380"]
[BlackElo "2390"]

1.e4 c5 2.Nf3 Nc6 3.Bb5 e6 4.O-O Nge7 5.c3 a6 6.Ba4 b5 7.Bc2 Bb7 8.a4 Ng6
9.d4 cxd4 10.axb5 axb5 11.Rxa8 Bxa8 12.Nxd4 b4 13.Be3 Be7 14.Nxc6 Bxc6 15.cxb4 O-O
16.Nc3  1/2-1/2

[Event "EU-ch U16"]
[Site "Tallinn"]
[Date "1997.??.??"]
[Round "9"]
[White "Horvath, Adam"]
[Black "Fernandez, Ernesto"]
[Result "1-0"]
[WhiteElo "2415"]
[BlackElo "2135"]

1.e4 c5 2.Nf3 Nc6 3.Bb5 Na5 4.O-O a6 5.Be2 b5 6.d4 e6 7.a3 cxd4 8.Nxd4 Bb7
9.Nc3 Qc7 10.f4 Nc6 11.Kh1 Nf6 12.Bf3 Nxd4 13.Qxd4 Bc5 14.Qd3 d6 15.e5 dxe5
16.Bxb7 Qxb7 17.fxe5 Nd7 18.Qg3 g6 19.Bh6 Nb6 20.Rad1 Nd5 21.Ne4 Be7 22.Qf3 O-O-O
23.Qxf7 Qc6 24.Nd6+ Rxd6 25.exd6 Qxd6 26.Bf4 Qd7 27.Be5 Rf8 28.Qxh7 Rxf1+
29.Rxf1 Ne3 30.Qg8+ Bd8 31.Rg1 Qd5 32.Bf6 Ng4 33.Bh4 g5 34.Re1 Kd7 35.Qh7+ Be7
36.Qh5 Qf5 37.Bg3 e5 38.h3 Nf2+ 39.Bxf2 Qxf2 40.Qe2  1-0

[Event "Tampere Elo Taraus op"]
[Site "Tampere"]
[Date "1997.??.??"]
[Round "6"]
[White "Maidla, Vallo"]
[Black "Agopov, Mikael"]
[Result "1-0"]
[WhiteElo "2380"]
[BlackElo "2305"]

1.e4 c5 2.Nf3 Nc6 3.Bb5 e6 4.O-O Nge7 5.c3 a6 6.Ba4 Ng6 7.d4 cxd4 8.cxd4 d5
9.Qc2 Qd7 10.Nc3 Bb4 11.exd5 exd5 12.Re1+ Nge7 13.Ne5 Qd6 14.Nxc6 bxc6 15.Bf4 Qg6
16.Qxg6  1-0

[Event "Tampere Elo Taraus op"]
[Site "Tampere"]
[Date "1997.??.??"]
[Round "7"]
[White "Vetemaa, Juri"]
[Black "Saastamoinen, Aarne"]
[Result "1/2-1/2"]
[WhiteElo "2355"]
[BlackElo "2175"]

1.e4 c5 2.Nf3 Nc6 3.Bb5 g6 4.O-O Bg7 5.Re1 Nf6 6.e5 Nd5 7.Nc3 Nc7 8.Bxc6 dxc6
9.h3 Ne6 10.d3 Qc7 11.a4 a5 12.b3 b6 13.Bb2 O-O 14.Ne4 Rd8 15.Qe2 Nd4 16.Bxd4 cxd4
17.Ned2 h6 18.Qe4 Bf5 19.Qf4  1/2-1/2

[Event "Tanta op"]
[Site "Tanta"]
[Date "1997.??.??"]
[Round "5"]
[White "Abo Nar, Mohamed"]
[Black "Yasseen, Aly"]
[Result "0-1"]
[WhiteElo "2095"]
[BlackElo "2370"]

1.e4 c5 2.Nf3 Nc6 3.Bb5 Qb6 4.Nc3 e6 5.Bxc6 Qxc6 6.d4 cxd4 7.Nxd4 Qc7 8.O-O a6
9.Kh1 d6 10.a4 Nf6 11.f4 Be7 12.f5 O-O 13.a5 Bd7 14.Be3 Rac8 15.g4 e5 16.Nb3 Bc6
17.Nd2 d5 18.Bb6 Qd6 19.g5 Nxe4 20.Ndxe4 dxe4 21.f6 Qxd1 22.Raxd1 Bd8 23.Kg1 Bxb6+
24.axb6 Rcd8 25.Rxd8 Rxd8 26.Rd1 Rd4 27.Kf2 h6 28.Rxd4 exd4 29.Ne2 d3 30.cxd3 exd3
31.Nd4 Bb5 32.Ke3 hxg5 33.fxg7 Kxg7 34.Nf5+ Kg6 35.Nd6 Bc6 36.Kxd3 f5 37.Ke3 Kf6
38.Nc4 Ke6 39.Nd2 Kd6 40.b3 Kc5 41.Nc4 Bd5 42.Ne5 Bxb3 43.Nf3 a5 44.Nxg5 a4
45.Ne4+ Kb4  0-1

[Event "Tanta op"]
[Site "Tanta"]
[Date "1997.??.??"]
[Round "5"]
[White "Ahmed, Esam Aly"]
[Black "Frhat, Ali"]
[Result "1/2-1/2"]
[WhiteElo "2395"]
[BlackElo "2220"]

1.e4 c5 2.Nf3 Nc6 3.Bb5 g6 4.O-O Bg7 5.c3 Nf6 6.e5 Nd5 7.d4 cxd4 8.cxd4 O-O
9.Nc3 Nc7 10.Bf4 Nxb5 11.Nxb5 a6 12.Na3 d5 13.exd6 exd6 14.d5 Ne7 15.Nc4 Nf5
16.Qd2 b5 17.Na5 h6 18.h3 Qf6 19.Rac1 g5 20.Bh2 Ne7 21.Nc6 Nxc6 22.Rxc6 Rd8
23.Be5 Qg6 24.Bxg7 Qxg7 25.Re1 Qf6 26.Rc7 Bf5 27.Ree7 Bg6 28.Qd4 Kg7 29.Re6 Qxd4
30.Nxd4 Kf8 31.Rxg6 fxg6 32.Ne6+ Ke8 33.Nxd8 Rxd8 34.Ra7 Rc8 35.Rxa6 Ke7
36.Ra5 Rc5 37.Kh2 Rxd5 38.a4 Rd4 39.Rxb5 Rxa4 40.g3 Ke6 41.Kg2 Rc4 42.Kf3 Rc1
43.Rb7 Re1 44.Rb8 Kd7 45.g4 Kc7 46.Rb3 d5 47.Re3 Rh1 48.Kg2 Rb1 49.Re7+ Kd6
50.Rg7 d4 51.Kf3 Rxb2 52.Rxg6+ Ke5 53.Rxh6 Rb3+ 54.Kg2 d3 55.Rh8 Kd4 56.Rd8+ Kc3
57.Rc8+ Kb2 58.f4 d2 59.Rd8 Kc2  1/2-1/2

[Event "Tanta op"]
[Site "Tanta"]
[Date "1997.??.??"]
[Round "8"]
[White "Hamam, Reda"]
[Black "El Ghazali, Youssef M"]
[Result "0-1"]
[WhiteElo "2320"]
[BlackElo "2275"]

1.e4 c5 2.Nf3 Nc6 3.Bb5 e6 4.O-O Nge7 5.Re1 Nd4 6.Bf1 Nec6 7.c3 Nxf3+ 8.Qxf3 g6
9.d3 Bg7 10.Bf4 e5 11.Bd2 d6 12.Na3 O-O 13.Nc4 Be6 14.Ne3 Qd7 15.g4 Ne7 16.Bg2 Rab8
17.Qg3 Rbd8 18.c4 f6 19.b4 Bh6 20.h3 Bf4 21.Qf3 Kg7 22.b5 h5 23.gxh5 Rh8
24.Rad1 Bxe3 25.fxe3 Rxh5 26.Rf1 Rf8 27.Rf2 Bxh3 28.Rdf1 Qe6 29.Bxh3 Rxh3
30.Qg2 g5 31.Rf3 Rh6 32.Be1 Rfh8 33.Bg3 Kf7 34.Kf2 g4 35.Rf5 Nxf5 36.exf5 Qxf5+
37.Ke2 Qd7 38.a4 Ke7 39.Qe4 Kd8 40.a5 Rh3 41.Qg6 R8h6 42.Qg8+ Qe8 43.Qg7 Rg6
44.Qxb7 Rxg3 45.Qb8+ Ke7 46.Qxa7+ Qd7 47.Qa8 Rh3 48.a6 Rh2+ 49.Rf2 Rxf2+
50.Kxf2 g3+ 51.Kg2 Qf5 52.Qb7+ Ke6 53.Qf3 Qxf3+ 54.Kxf3 g2 55.a7 g1=Q 56.a8=Q  0-1

[Event "Tatry op"]
[Site "Tatranska Lomnica"]
[Date "1997.??.??"]
[Round "3"]
[White "Huba, Martin"]
[Black "Dovzik, Juri"]
[Result "0-1"]
[WhiteElo "2170"]
[BlackElo "2405"]

1.e4 c5 2.Nf3 Nc6 3.Bb5 d6 4.d4 cxd4 5.Nxd4 Bd7 6.Nc3 g6 7.Be3 Bg7 8.O-O Nf6
9.h3 O-O 10.Qd2 a6 11.Be2 b5 12.f3 Re8 13.Nxc6 Bxc6 14.Bd4 Rc8 15.Rfd1 Qc7
16.a3 Qb7 17.Qe1 e5 18.Be3 d5 19.exd5 Nxd5 20.Nxd5 Bxd5 21.c3 e4 22.f4 Bb3
23.Rd6 Rcd8 24.Rb6 Qc8 25.Qf2 Re6 26.Rxe6 Qxe6 27.Rf1 Bc4 28.f5 Qc6 29.Bxc4 Qxc4
30.f6 Bf8 31.Bd4 a5 32.Re1 Re8 33.Qe3 b4 34.axb4 axb4 35.Rf1 Qa2 36.cxb4 Bxb4
37.Rc1 Qe6 38.Rc7 Rd8 39.Kh1 Qd5 40.Bc5 Qe5 41.Bxb4 Qxc7 42.Qe2 Qf4 43.Bc3 h5
44.Bb4 Qc1+  0-1

[Event "Czerniak mem Bikurei Haitim"]
[Site "Tel Aviv"]
[Date "1997.??.??"]
[Round "3"]
[White "Krays, Alexander"]
[Black "Kogan, Artur"]
[Result "1-0"]
[WhiteElo "2375"]
[BlackElo "2515"]

1.e4 c5 2.Nf3 Nc6 3.Bb5 e5 4.O-O Nge7 5.c3 a6 6.Ba4 b5 7.Bb3 c4 8.Bc2 Ng6
9.d3 cxd3 10.Qxd3 Be7 11.Bb3 O-O 12.Be3 d6 13.Bd5 Qc7 14.a4 Rb8 15.axb5 axb5
16.Na3 b4 17.Nb5 Qd7 18.Na7 Nxa7 19.Rxa7 Qg4 20.cxb4 Kh8 21.Rc1 f5 22.h3 Qh5
23.Rxc8 Rbxc8 24.exf5 Qxf5 25.Qxf5 Rxf5 26.Be6 Rff8 27.Bxc8 Rxc8 28.b5 Bf8
29.b6 d5 30.b7 Rb8 31.Bb6 Bd6 32.Ra8 Nf8 33.Bc5 Bc7 34.Bxf8 Kg8 35.Bc5 Kf7
36.Ng5+ Kf6 37.Nxh7+ Kf7 38.Rxb8 Bxb8 39.Ng5+ Kf6 40.f4  1-0

[Event "Telese"]
[Site "Telese"]
[Date "1997.??.??"]
[Round "?"]
[White "Barlov, Dragan"]
[Black "Passerotti, Pierluigi"]
[Result "0-1"]
[WhiteElo "2455"]
[BlackElo "2300"]

1.e4 c5 2.Nf3 Nc6 3.Bb5 e6 4.O-O Nge7 5.Re1 a6 6.Bxc6 Nxc6 7.d4 cxd4 8.Nxd4 Be7
9.Nxc6 dxc6 10.Qg4 O-O 11.e5 f5 12.exf6 Bxf6 13.Nd2 Qa5 14.c3 Qf5 15.Qe2 e5
16.Ne4 Be6 17.b3 Be7 18.Bb2 Rae8 19.c4 Bb4 20.Red1 Bf7 21.f3 b5 22.Rac1 Re6
23.c5 Rg6 24.Nd6 Qg5 25.Bxe5 Bd5 26.Bg3 Re6 27.Qf1 Ba3 28.Rc2 Qg6 29.Re2 Bxc5+
30.Kh1 Bxd6 31.Rxe6 Qxe6  0-1

[Event "DEN-chJ int"]
[Site "Tingkaerskolen"]
[Date "1997.??.??"]
[Round "2"]
[White "Dongart, Dennis"]
[Black "Skytte, Rasmus"]
[Result "0-1"]
[WhiteElo "2155"]
[BlackElo "2195"]

1.e4 c5 2.Nf3 Nc6 3.Bb5 g6 4.O-O Bg7 5.c3 e5 6.d4 cxd4 7.cxd4 Nxd4 8.Nxd4 exd4
9.Nd2 Ne7 10.Nc4 O-O 11.Nd6 Nc6 12.f4 Qe7 13.e5 f6 14.Qb3+ Kh8 15.Bd2 fxe5
16.fxe5 Nxe5 17.Bb4 Qe6 18.Qg3 Rxf1+ 19.Rxf1 h6 20.Re1 Kh7 21.Bc4 Qe7 22.Bd3 Qg5
23.Qxg5 hxg5 24.Bf1 b6 25.Bd2 a5 26.Bxg5 Ba6 27.Bxa6 Rxa6 28.Re4 b5 29.Ne8 Nf7
30.Nf6+ Bxf6 31.Bxf6 Rxf6 32.Rxd4 Rd6  0-1

[Event "Nordic Grand Prix"]
[Site "Torshavn"]
[Date "1997.??.??"]
[Round "3"]
[White "Lejlic, Samir"]
[Black "Nicholson, J."]
[Result "1-0"]
[WhiteElo "2405"]
[BlackElo "2070"]

1.e4 c5 2.Nf3 Nc6 3.Bb5 g6 4.Bxc6 bxc6 5.O-O Bg7 6.Re1 e5 7.c3 Ne7 8.d4 cxd4
9.cxd4 exd4 10.Nxd4 O-O 11.Nc3 h6 12.Bf4 Re8 13.Qd2 Kh7 14.Bd6 Ng8 15.Rad1 Ba6
16.Na4 Bc4 17.Nc5 Nf6 18.e5 Ng4 19.Qf4 h5 20.Nf3 Be6 21.Nxe6 fxe6 22.Ng5+ Kg8
23.Qf7+ Kh8 24.Qxg6 Nh6 25.Qh7+  1-0

[Event "ROM-chT"]
[Site "Tusnad"]
[Date "1997.??.??"]
[Round "?"]
[White "Popescu, Dan"]
[Black "Dumitrache, Dragos"]
[Result "1-0"]
[WhiteElo "2250"]
[BlackElo "2495"]

1.e4 c5 2.Nf3 Nc6 3.Bb5 g6 4.Bxc6 bxc6 5.O-O Bg7 6.Re1 Nh6 7.c3 O-O 8.d4 cxd4
9.cxd4 d5 10.e5 Bg4 11.Nbd2 f6 12.h3 Bxf3 13.Nxf3 fxe5 14.Bxh6 Bxh6 15.Rxe5 Bg7
16.Re6 Rc8 17.Qe2 Bf6 18.Rc1 Qb6 19.Qd2 Rfd8 20.b3 Rd6 21.Qe3 Qd8 22.Re1 Qd7
23.Rxd6 Qxd6 24.Rc1 Kg7 25.h4 Qd7 26.Ng5 Qf5 27.Ne6+ Kf7 28.Ng5+ Kg8 29.g3 e5
30.dxe5 Qxe5 31.Qxa7 Bxg5 32.hxg5 d4 33.Qd7 Rf8 34.Qxc6 Kh8 35.Qc5 Qg7 36.Rd1 Rd8
37.Qb6 Qd7 38.Qf6+ Kg8 39.Re1 Rf8 40.Qe6+ Qxe6 41.Rxe6 Ra8 42.Re2  1-0

[Event "Ubeda op"]
[Site "Ubeda"]
[Date "1997.??.??"]
[Round "1"]
[White "Vuksanovic, Sanja"]
[Black "Buturin, Vladimir"]
[Result "0-1"]
[WhiteElo "2260"]
[BlackElo "2465"]

1.e4 c5 2.Nf3 Nc6 3.Bb5 d6 4.Bxc6+ bxc6 5.d3 e5 6.O-O Ne7 7.Re1 Ng6 8.Nc3 Be7
9.Ne2 f5 10.exf5 Bxf5 11.Ng3 Bd7 12.c3 O-O 13.Qa4 Kh8 14.Rb1 Qc7 15.d4 cxd4
16.cxd4 c5 17.Qc2 Bc6 18.Ne4 exd4 19.Bg5 Rxf3 20.gxf3 Ne5 21.Kg2 Rf8 22.f4 d3
23.Qc3 Qb7 24.Bxe7 Rxf4 25.Bxd6 Bxe4+ 26.f3 Bxf3+ 27.Kg3 Rg4+ 28.Kf2 Rg2+
29.Kf1 Be2+  0-1

[Event "Verona op"]
[Site "Verona"]
[Date "1997.??.??"]
[Round "2"]
[White "Grosar, Aljosa"]
[Black "Agnelli, Francesco"]
[Result "1-0"]
[WhiteElo "2495"]
[BlackElo "2060"]

1.e4 c5 2.Nf3 Nc6 3.Bb5 e6 4.O-O Nge7 5.Nc3 Qc7 6.Re1 a6 7.Bf1 b5 8.d4 cxd4
9.Nxd4 Nxd4 10.Qxd4 Nc6 11.Qd3 Be7 12.a4 b4 13.Ne2 Bb7 14.Bf4 Qa5 15.Rad1 Qd8
16.Qg3 O-O 17.c3 a5 18.Nd4 Nxd4 19.cxd4 Kh8 20.Bc7 Qe8 21.d5 Bf6 22.b3 Bc3
23.Re3 f5 24.exf5 Rxf5 25.Bc4 Qh5 26.Be2 Qf7 27.dxe6 dxe6 28.Bd3 Rf6 29.Be4 Qh5
30.Rdd3 Bxe4 31.Rxe4 h6 32.h3 Raf8 33.Bd6 R8f7 34.f3 Rg6 35.Rg4 Rxg4 36.hxg4 Qg6
37.f4 Qe4 38.Qf3 Qe1+ 39.Qf1 Qh4 40.Qe2 Qf6 41.Qe4 Qd8 42.Qxe6 Rxf4 43.Rxc3 bxc3
44.Bxf4 c2 45.Qc4 Qd1+ 46.Kf2 Qxg4 47.Bd2 Qd1 48.Ke3 Qg1+ 49.Kd3 Qxg2 50.Qc8+ Kh7
51.Qf5+ Kg8 52.Kxc2 Qc6+ 53.Kb2 Qg2 54.Qxa5 h5 55.Qd8+ Kh7 56.a5 Qe2 57.Kc1  1-0

[Event "Villa Ballester op"]
[Site "Villa Ballester"]
[Date "1997.??.??"]
[Round "6"]
[White "Fiorito, Fabian"]
[Black "Sakurai, Leonardo"]
[Result "1-0"]
[WhiteElo "2470"]
[BlackElo "2285"]

1.e4 c5 2.Nf3 Nc6 3.Bb5 Nf6 4.Nc3 a6 5.Bxc6 dxc6 6.h3 Qc7 7.e5 Nd5 8.Ne4 Nf4
9.d3 Ng6 10.O-O Nxe5 11.Nxe5 Qxe5 12.Re1 e6 13.Bd2 Qc7 14.Bc3 f6 15.Nxc5 Bxc5
16.Qh5+ Ke7 17.Qxc5+ Qd6 18.Qh5 Bd7 19.Re4 Be8 20.Qa5 Qd5 21.Qc7+ Qd7 22.Qg3 Bg6
23.Rd4 Qc8 24.Qd6+ Kf7  1-0

[Event "Villa Ballester op"]
[Site "Villa Ballester"]
[Date "1997.??.??"]
[Round "7"]
[White "Leskovar, Mario"]
[Black "Anelli, Antonio"]
[Result "0-1"]
[WhiteElo "2405"]
[BlackElo "2305"]

1.e4 c5 2.Nf3 Nc6 3.Bb5 g6 4.O-O Bg7 5.Re1 e5 6.b4 Nxb4 7.c3 Nc6 8.d4 cxd4
9.cxd4 Nxd4 10.Nxd4 exd4 11.e5 Ne7 12.Nd2 O-O 13.Ba3 Re8 14.Ne4 Nd5 15.Qxd4 Rxe5
16.Rad1 Nc7 17.Bc4 d5 18.Bb2 Bf5 19.f4 Ne6 20.fxe5 Nxd4  0-1

[Event "Clarin GP op"]
[Site "Villa Martelli"]
[Date "1997.??.??"]
[Round "5"]
[White "Spangenberg, Hugo"]
[Black "Idigoras, A."]
[Result "1-0"]
[WhiteElo "2565"]
[BlackElo "2280"]

1.e4 c5 2.Nf3 Nc6 3.Bb5 g6 4.O-O Bg7 5.Re1 Nf6 6.e5 Nd5 7.Nc3 Nc7 8.Bc4 O-O
9.d3 b6 10.Bf4 Bb7 11.Qd2 Na5 12.Ne4 Ne8 13.Bg5 Nxc4 14.dxc4 f6 15.exf6 Nxf6
16.Bxf6 Bxf6 17.Nxf6+ Rxf6 18.Ne5 Rd6 19.Qg5 Qf8 20.Ng4 Re8 21.Nh6+ Kg7 22.Rxe7+ Qxe7
23.Nf5+ Kf7 24.Qxe7+  1-0

[Event "Villa Martelli"]
[Site "Villa Martelli"]
[Date "1997.??.??"]
[Round "6"]
[White "German, Gustavo"]
[Black "Sorokin, Maxim"]
[Result "1-0"]
[WhiteElo "2500"]
[BlackElo "2560"]

1.e4 c5 2.Nf3 Nc6 3.Bb5 d6 4.O-O Bd7 5.c3 Nf6 6.Re1 a6 7.Bxc6 Bxc6 8.d4 Bxe4
9.Bg5 Bd5 10.c4 Bxf3 11.Qxf3 cxd4 12.Qxb7 Qc8 13.Qf3 e6 14.Bxf6 gxf6 15.Qxf6 Rg8
16.Nd2 Bg7 17.Qh4 Kf8 18.Qxh7 Rh8 19.Qd3 Rh6 20.f4 Qc5 21.Re2 Kg8 22.Rf1 f5
23.Kh1 Rc8 24.Rfe1 Kf7 25.b3 Re8 26.Nf3 Bf6 27.Rd1 Reh8 28.h3 Qc6 29.Kh2 Rg8
30.Nxd4 Bxd4 31.Qxd4 Rhg6 32.Rdd2 Rg3 33.Qa7+ Kf6 34.Qh7 R3g7 35.Qh4+ Kf7
36.Qe1 Rg6 37.Rf2 Qc5 38.Qe2 Qc6 39.Kg1 Qc5 40.Kf1 Qa3 41.Qd3 Ke7 42.Qd4 Rg3
43.Rfe2 R8g6 44.Qa7+ Kf6 45.Rxe6+  1-0

[Event "Mikenas mem op"]
[Site "Vilnius"]
[Date "1997.??.??"]
[Round "?"]
[White "Malisauskas, Vidmantas"]
[Black "Sveshnikov, Evgeny"]
[Result "0-1"]
[WhiteElo "2530"]
[BlackElo "2560"]

1.e4 c5 2.Nf3 Nc6 3.Bb5 e6 4.O-O Nge7 5.c3 d5 6.exd5 Qxd5 7.d4 cxd4 8.c4 Qd6
9.Nxd4 Bd7 10.Nxc6 Nxc6 11.Nc3 a6 12.Ba4 Qc7 13.Be3 Bd6 14.g3 O-O 15.Rc1 Rfd8
16.Qh5 Be8 17.Rfd1 Be5 18.Rxd8 Rxd8 19.Rd1 Bxc3 20.bxc3 Ne7 21.Rxd8 Qxd8
22.Bc2 Ng6 23.Bd4 f6 24.Qg4 Bd7 25.Qe4 Qc8 26.Bb3 Bc6 27.Qe2 Qd7 28.Qd1 Kf7
29.Be3 Qxd1+ 30.Bxd1 Ne5 31.c5 Bf3 32.Bc2 Bd5 33.Bb3 Bxb3 34.axb3 Nc6 35.Kf1 Na5
36.b4 Nc4 37.Ke2 e5 38.Kd3 Nxe3 39.fxe3 f5 40.Kc4 Ke6 41.h4 g6 42.b5 h6 43.c6 axb5+
44.Kxb5 bxc6+ 45.Kxc6 g5 46.hxg5 hxg5 47.Kc5 g4 48.Kc4 f4 49.exf4 exf4 50.Kd4 f3
51.Kd3 Kd5 52.Ke3 Kc4 53.Kd2 f2  0-1

[Event "Vlissingen HZ op"]
[Site "Vlissingen"]
[Date "1997.??.??"]
[Round "3"]
[White "Horvath, Sandor"]
[Black "Glek, Igor V"]
[Result "0-1"]
[WhiteElo "2385"]
[BlackElo "2505"]

1.e4 c5 2.Nf3 Nc6 3.Bb5 e6 4.O-O Nge7 5.Re1 Ng6 6.c3 d5 7.exd5 Qxd5 8.d4 cxd4
9.c4 Qd6 10.Nxd4 Bd7 11.Be3 Qc7 12.Nc3 Be7 13.Nxc6 bxc6 14.Ba4 f5 15.f3 O-O
16.Qe2 Bd6 17.h3 Nf4 18.Bxf4 Bxf4 19.Rad1 Rae8 20.Qd3 Bc8 21.Ne2 Rd8 22.Qb3 Bd2
23.Rf1 Qe5 24.Nc1 Ba6 25.Kh1 Bxc1 26.Rxc1 Rd2 27.Bxc6 Rb8 28.Qa3 Qg3 29.f4 Qxa3
30.bxa3 Rxa2 31.a4 Kf7 32.Rb1 Rc8 33.Bb7 Bxb7 34.Rxb7+ Kf6 35.Rxa7 Rxc4 36.a5 Rcc2
37.Rg1 Rf2 38.Ra6 Rxf4 39.Re1 Re4 40.Rxe4 fxe4 41.Kg1 e3 42.Kf1 Rf2+  0-1

[Event "Volgograd"]
[Site "Volgograd"]
[Date "1997.??.??"]
[Round "12"]
[White "Shtyrenkov, Veniamen"]
[Black "Rakhmangulov, Andrei"]
[Result "1-0"]
[WhiteElo "2455"]
[BlackElo "2420"]

1.e4 c5 2.Nf3 Nc6 3.Bb5 Nf6 4.e5 Nd5 5.Nc3 Nc7 6.a4 g6 7.Ne4 b6 8.c3 Bg7
9.d4 cxd4 10.cxd4 a6 11.Bc4 Na5 12.Ba2 O-O 13.Bg5 Kh8 14.b4 Nb7 15.h4 d5
16.h5 dxe4 17.hxg6 exf3 18.Rxh7+ Kg8 19.Qxf3 Be6 20.Qh5 fxg6 21.Qxg6 Rf7
22.Bh6 Qf8 23.Bb1  1-0

[Event "Zagorovsky mem op"]
[Site "Voronezh"]
[Date "1997.??.??"]
[Round "?"]
[White "Lukovnikov, A."]
[Black "Belikov, Vladimir"]
[Result "0-1"]
[WhiteElo "2305"]
[BlackElo "2500"]

1.e4 c5 2.Nf3 Nc6 3.Bb5 e6 4.O-O Nge7 5.Re1 Nd4 6.Nxd4 cxd4 7.d3 a6 8.Ba4 Nc6
9.Bxc6 bxc6 10.e5 d6 11.exd6 Bxd6 12.Qh5 O-O 13.Nd2 Rb8 14.a4 f6 15.Nc4 Bc7
16.b3 Qd5 17.Qh4 c5 18.Bd2 Bb7 19.Qh3 Rbe8 20.Re4 f5 21.Rh4 Rf6 22.f3 h6
23.Re1 e5 24.Rh5 Qf7 25.Bg5 Rg6 26.Bd2 Rf6 27.Bg5 Rg6 28.Bd2 Bc8 29.Rf1 Kh7
30.Qh4 Bd8 31.Qh3 Bc7 32.g3 Qg8 33.Qg2 Qf7 34.Qh3 Bd7 35.Re1 e4 36.fxe4 fxe4
37.Rf1 Qe7 38.Qh4 Qxh4 39.Rxh4 e3 40.Be1 Bg4 41.Ba5 Bxa5 42.Nxa5 h5 43.h3 Be2
44.Re1 Bf3 45.Kh2 Rf8 46.Nc4 Re6 47.g4 g6 48.Rg1 e2 49.Re1 Kh6  0-1

[Event "Voronezh simul"]
[Site "Voronezh"]
[Date "1997.??.??"]
[Round "?"]
[White "Karpov, Anatoly"]
[Black "Lavrov, Andrey"]
[Result "1-0"]
[WhiteElo "2760"]
[BlackElo "2355"]

1.e4 c5 2.Nf3 Nc6 3.Bb5 g6 4.O-O Nf6 5.e5 Nd5 6.Bxc6 dxc6 7.h3 Bg7 8.d3 O-O
9.Re1 Qc7 10.Nbd2 b6 11.Nf1 Rd8 12.Qe2 b5 13.Bd2 Nb6 14.Ba5 Be6 15.N1d2 Qd7
16.b3 Qd5 17.Rad1 Bh6 18.Ne4 b4 19.c4 bxc3 20.Nxc3 Qd7 21.Ne4 Qd5 22.Bd2 Bg7
23.Bg5 Kf8 24.Qe3 Bxe5 25.Nxc5 Bc3 26.Nxe6+ fxe6 27.Qxe6 Bxe1 28.Bxe7+ Ke8
29.Qxe1 Rd7 30.Ba3+ Kd8 31.Ne5 Rc7 32.d4 Kc8 33.Nd3 Nd7 34.Nf4 Qb5 35.Bd6  1-0

[Event "Zagorovsky mem"]
[Site "Voronezh"]
[Date "1997.??.??"]
[Round "?"]
[White "Zhukhovitsky, Samuel"]
[Black "Vasiukov, Evgeni"]
[Result "0-1"]
[WhiteElo "2370"]
[BlackElo "2495"]

1.e4 c5 2.Nf3 Nc6 3.Bb5 e6 4.O-O Nge7 5.Re1 a6 6.Bxc6 Nxc6 7.b3 d6 8.d4 cxd4
9.Nxd4 Be7 10.Bb2 O-O 11.Nd2 Nxd4 12.Bxd4 b5 13.c4 Bb7 14.Qg4 e5 15.Bb2 Qa5
16.Nf1 Bc8 17.Qe2 bxc4 18.bxc4 Be6 19.Ne3 Rab8 20.Nd5 Bxd5 21.cxd5 Rfc8 22.a3 Bg5
23.Bc1 Bxc1 24.Rexc1 Rxc1+ 25.Rxc1 Qxa3 26.Qc4 g6 27.h3 Kg7 28.Rc3 Qa5 29.Qc7 Qxc7
30.Rxc7 Ra8 31.Rc6 a5 32.Rxd6 a4 33.Rc6 a3 34.Rc1 a2 35.Ra1 f5 36.d6 Kf6
37.f4 exf4 38.e5+ Ke6 39.Kf2 g5 40.Kf1 Ra5 41.Kf2 Ra3 42.Kg1 h5 43.h4 g4
44.Kh2 Rd3 45.d7 Rxd7 46.Rxa2 Rd1 47.Ra6+ Kxe5  0-1

[Event "Vsetin op"]
[Site "Vsetin"]
[Date "1997.??.??"]
[Round "?"]
[White "Trombik, Karel"]
[Black "Kopecky, J."]
[Result "1-0"]
[WhiteElo "2175"]
[BlackElo "1955"]

1.e4 c5 2.Nf3 Nc6 3.Bb5 d6 4.Bxc6+ bxc6 5.h3 g6 6.O-O Bg7 7.d3 e6 8.Re1 Ne7
9.e5 d5 10.Be3 Qb6 11.Qc1 Nf5 12.Bf4 O-O 13.Nc3 Ba6 14.Na4 Qb5 15.b3 c4 16.d4 Ne7
17.Nc5 Bc8 18.a4 Qb8 19.bxc4 dxc4 20.Bh6 Nd5 21.Bxg7 Kxg7 22.Rb1 Qc7 23.Nd2 Nb6
24.c3 a5 25.Qb2 Nd7 26.Nxd7 Bxd7 27.Nxc4 c5 28.Qb6 Qa7 29.dxc5 Bxa4 30.Qxa7 Rxa7
31.Ra1 Bd7 32.Rxa5 Rxa5 33.Nxa5 Rc8 34.c6 Bxc6 35.Nxc6 Rxc6 36.Re3 f6 37.f4 Rc4
38.g3 h6 39.Kf2 g5 40.fxg5 hxg5 41.exf6+ Kxf6 42.Ke2 e5 43.Kd3 Ra4 44.g4 Ke6
45.Re4 Ra1 46.Rb4 Rh1 47.Rb6+ Kd5 48.c4+ Kc5 49.Rb5+ Kd6 50.Rd5+ Ke6 51.Kc3 Rc1+
52.Kb4 e4 53.Kc5 e3 54.Rd3 Re1 55.Kd4 e2 56.Re3+ Kd6 57.Kd3 Rd1+ 58.Kxe2 Rd4
59.Rd3 Kc5 60.Rxd4 Kxd4  1-0

[Event "Vsetin op"]
[Site "Vsetin"]
[Date "1997.??.??"]
[Round "?"]
[White "Zvardon, P."]
[Black "Kozak, Petr"]
[Result "1-0"]
[WhiteElo "2085"]
[BlackElo "2125"]

1.e4 c5 2.Nf3 Nc6 3.Bb5 g6 4.O-O Bg7 5.c3 e5 6.d4 cxd4 7.Bg5 Nge7 8.Nbd2 f6
9.Nc4 O-O 10.Nd6 h6 11.Bc4+ Kh7 12.Bd2 Qb6 13.cxd4 Nxd4 14.Nxd4 exd4 15.Bf4 Nc6
16.Qb3 Qxb3 17.Bxb3 b6 18.Rfc1 Ba6 19.Bc4 Bxc4 20.Rxc4 a6 21.Rac1 h5 22.h3 Ra7
23.a4 Bh6 24.Bxh6 Kxh6 25.g4 hxg4 26.hxg4 Kg5 27.Kg2 Kxg4 28.Rh1 Kg5 29.Rh7 d3
30.Rc3 f5 31.Rxd3 fxe4 32.Nxe4+ Kf4 33.Rf3+ Kxe4 34.Rxf8 b5 35.Rc8 Ne5 36.Rc5 Kd4
37.b4 g5 38.axb5 axb5 39.Rxb5 Ra2 40.Rh1 Nd3 41.Rf5 Ke4 42.Rf7 d5 43.Rb1 d4
44.b5 Nf4+ 45.Kg3 d3 46.b6 d2 47.b7 Ra3+ 48.Kg4 Rb3 49.f3+ Kd4 50.b8=Q Rxb8
51.Rxb8 d1=Q 52.Rd7+  1-0